|
|
|
|
| LEADER |
00000cam a22000004a 4500 |
| 001 |
musev2_10037 |
| 003 |
MdBmJHUP |
| 005 |
20230905041139.0 |
| 006 |
m o d |
| 007 |
cr||||||||nn|n |
| 008 |
090312s2009 kyu o 00 0 eng d |
| 010 |
|
|
|z 2009010817
|
| 020 |
|
|
|a 9780813173627
|
| 020 |
|
|
|z 9780813125459
|
| 020 |
|
|
|z 9780813192314
|
| 020 |
|
|
|z 9780813139067
|
| 035 |
|
|
|a (OCoLC)753968486
|
| 040 |
|
|
|a MdBmJHUP
|c MdBmJHUP
|
| 043 |
|
|
|a n-us---
|
| 050 |
0 |
4 |
|a E184.A1
|b R248 2009
|
| 245 |
0 |
0 |
|a Race and Liberty in America :
|b The Essential Reader /
|c edited by Jonathan Bean.
|
| 264 |
|
1 |
|a Lexington :
|b University Press of Kentucky, published in association with The Independent Institute,
|c 2009.
|
| 264 |
|
3 |
|a Baltimore, Md. :
|b Project MUSE,
|c 2012
|
| 264 |
|
4 |
|c ©2009.
|
| 300 |
|
|
|a 1 online resource (360 pages):
|b ill. ;
|
| 336 |
|
|
|a text
|b txt
|2 rdacontent
|
| 337 |
|
|
|a computer
|b c
|2 rdamedia
|
| 338 |
|
|
|a online resource
|b cr
|2 rdacarrier
|
| 490 |
0 |
|
|a Independent studies in political economy
|
| 504 |
|
|
|a Includes bibliographical references and index.
|
| 505 |
0 |
|
|a List of documents -- Acknowledgments -- Introduction : Civil rights and classical liberalism -- Antislavery (1776-1853) -- The Republican era (1854-1876) -- Colorblindness in a color-conscious era (1877-1920) -- Republicans and race (1921-1932) -- The Roosevelt years (1933-1945) -- Classical liberals in the civil rights era (1946-1964) -- Individualists in an age of group discrimination (1965-Present) -- Conclusion : past, present, future.
|
| 588 |
|
|
|a Description based on print version record.
|
| 650 |
|
0 |
|a Civil rights movements
|z United States
|x History
|v Sources.
|
| 650 |
|
0 |
|a Civil rights
|z United States
|x History
|v Sources.
|
| 650 |
|
0 |
|a Minorities
|x Civil rights
|z United States
|x History
|v Sources.
|
| 651 |
|
0 |
|a United States
|x Race relations
|x History
|v Sources.
|
| 655 |
|
7 |
|a Electronic books.
|2 local
|
| 700 |
1 |
|
|a Bean, Jonathan J.
|
| 710 |
2 |
|
|a Project Muse.
|e distributor
|
| 830 |
|
0 |
|a Independent studies in political economy.
|
| 830 |
|
0 |
|a Book collections on Project MUSE.
|
| 856 |
4 |
0 |
|z Texto completo
|u https://projectmuse.uam.elogim.com/book/10037/
|
| 945 |
|
|
|a Project MUSE - Custom Collection
|
| 945 |
|
|
|a Project MUSE - Archive Complete Foundation
|
| 945 |
|
|
|a Project MUSE - Archive Political Science and Policy Studies Foundation
|